| 000 | 00448nmm a2200157Ia 4500 | ||
|---|---|---|---|
| 008 | 251105s9999||||xx |||||||||||||||||und|| | ||
| 020 | _a9788467193893 | ||
| 041 | _apor | ||
| 100 | _aLindsay, Yvonne | ||
| 245 | 0 | _aMulher de vermelho | |
| 264 |
_a[Madrid, España] : _bHarlequin, _c[Fecha de publicación no identificada] |
||
| 300 | _a0 páginas | ||
| 650 | _aRomance | ||
| 856 | _uhttps://public.digitaliapublishing.com/a/95906 | ||
| 942 | _cCF | ||
| 999 |
_c83675 _d83675 |
||